000 00197 a2200097 4500
001 4483
100 _aCotton
245 _aApplied electricity
260 _a
_bcleaver-Hume
_c
090 _c3681
_d3681
942 _aNUST-CAE
_cM
_c29791
999 _c239556
_d239556